[Event "DEM U10 2023"]
[Site "Willingen GER"]
[Date "2023.06.01"]
[Round "8"]
[White "Burban, Bogdan"]
[Black "Baumann, Simon"]
[Result "0-1"]
[Termination "normal"]
[Board "21"]
[WhiteElo "1300"]
[BlackElo "1423"]
[WhiteClock "00:17:26"]
[BlackClock "00:23:21"]
[PlyCount "60"]
[WhiteFideId "34609040"]
[BlackFideId "34643664"]
[EventCountry "GER"]
[EventRounds "11"]
[EventType "swiss"]
[EventDate "2023.05.27"]

1. d4 {[%clk 01:15:57]} {[%emt 00:00:02]} d5 {[%clk 01:15:55]} {[%emt
00:00:06]} 2. c4 {[%clk 01:16:23]} {[%emt 00:00:05]} e6 {[%clk 01:16:19]}
{[%emt 00:00:05]} 3. Nc3 {[%clk 01:16:47]} {[%emt 00:00:07]} Nf6 {[%clk
01:16:43]} {[%emt 00:00:06]} 4. cxd5 {[%clk 01:17:11]} {[%emt 00:00:05]} exd5
{[%clk 01:17:02]} {[%emt 00:00:11]} 5. Bg5 {[%clk 01:17:37]} {[%emt 00:00:05]}
Nbd7 {[%clk 01:17:23]} {[%emt 00:00:08]} 6. e3 {[%clk 01:17:23]} {[%emt
00:00:44]} c6 {[%clk 01:17:16]} {[%emt 00:00:37]} 7. Bd3 {[%clk 01:17:36]}
{[%emt 00:00:17]} Bd6 {[%clk 01:17:28]} {[%emt 00:00:18]} 8. Nf3 {[%clk
01:17:41]} {[%emt 00:00:25]} O-O {[%clk 01:17:14]} {[%emt 00:00:44]} 9. O-O
{[%clk 01:17:55]} {[%emt 00:00:16]} Re8 {[%clk 01:17:25]} {[%emt 00:00:20]} 10.
Rb1 {[%clk 01:17:25]} {[%emt 00:01:00]} a6 {[%clk 01:10:06]} {[%emt 00:07:49]}
11. b4 {[%clk 01:17:03]} {[%emt 00:00:52]} Qc7 {[%clk 01:06:53]} {[%emt
00:03:42]} 12. a4 {[%clk 01:14:12]} {[%emt 00:03:21]} Ne4 {[%clk 01:05:32]}
{[%emt 00:01:51]} 13. Qc2 {[%clk 01:07:58]} {[%emt 00:06:43]} Ndf6 {[%clk
00:58:49]} {[%emt 00:07:13]} 14. h3 {[%clk 00:59:37]} {[%emt 00:08:51]} h6
{[%clk 00:57:51]} {[%emt 00:01:28]} 15. Bxf6 {[%clk 00:57:38]} {[%emt
00:02:29]} Nxf6 {[%clk 00:57:25]} {[%emt 00:00:56]} 16. b5 {[%clk 00:55:48]}
{[%emt 00:02:21]} axb5 {[%clk 00:54:16]} {[%emt 00:03:39]} 17. axb5 {[%clk
00:55:24]} {[%emt 00:00:54]} Ra3 {[%clk 00:49:27]} {[%emt 00:05:19]} 18. Rfc1
{[%clk 00:52:50]} {[%emt 00:03:04]} Bd7 {[%clk 00:42:55]} {[%emt 00:07:03]} 19.
bxc6 {[%clk 00:49:53]} {[%emt 00:03:26]} bxc6 {[%clk 00:41:35]} {[%emt
00:01:50]} 20. e4 {[%clk 00:47:32]} {[%emt 00:02:51]} dxe4 {[%clk 00:36:47]}
{[%emt 00:05:17]} 21. Nxe4 {[%clk 00:46:38]} {[%emt 00:01:24]} Nxe4 {[%clk
00:34:34]} {[%emt 00:02:44]} 22. Bxe4 {[%clk 00:46:18]} {[%emt 00:00:50]} Ra6
{[%clk 00:34:55]} {[%emt 00:00:09]} 23. Qc4 {[%clk 00:41:41]} {[%emt 00:05:06]}
Qc8 {[%clk 00:31:59]} {[%emt 00:03:27]} 24. Bd3 {[%clk 00:35:40]} {[%emt
00:06:31]} Ra3 {[%clk 00:29:58]} {[%emt 00:02:31]} 25. d5 {[%clk 00:30:43]}
{[%emt 00:05:27]} c5 {[%clk 00:28:06]} {[%emt 00:02:22]} 26. Nd2 {[%clk
00:24:13]} {[%emt 00:07:00]} Bxh3 {[%clk 00:25:05]} {[%emt 00:03:30]} 27. gxh3
{[%clk 00:22:29]} {[%emt 00:02:14]} Qxh3 {[%clk 00:25:05]} {[%emt 00:00:30]}
28. f3 {[%clk 00:19:16]} {[%emt 00:03:44]} Bh2+ {[%clk 00:24:09]} {[%emt
00:01:25]} 29. Kf2 {[%clk 00:17:26]} {[%emt 00:02:21]} Qg3+ {[%clk 00:23:30]}
{[%emt 00:01:09]} 30. Kf1 {[%clk 00:17:26]} {[%emt 00:00:29]} Qg1# {[%clk
00:23:21]} {[%emt 00:00:08]} 0-1

[Event "DEM U10 2023"]
[Site "Willingen GER"]
[Date "2023.06.01"]
[Round "8"]
[White "Fels, Mattis"]
[Black "Rusch, Levi Adrian"]
[Result "1-0"]
[Termination "normal"]
[Board "22"]
[WhiteElo "1682"]
[BlackElo "1151"]
[WhiteClock "00:26:55"]
[BlackClock "00:58:00"]
[PlyCount "97"]
[WhiteFideId "34623795"]
[BlackFideId "34660224"]
[EventCountry "GER"]
[EventRounds "11"]
[EventType "swiss"]
[EventDate "2023.05.27"]

1. d4 {[%clk 01:15:59]} {[%emt 18:33:37]} d5 {[%clk 01:15:55]} {[%emt
00:00:07]} 2. Nc3 {[%clk 01:16:25]} {[%emt 00:00:02]} Nf6 {[%emt 00:00:10]} 3.
Bf4 {[%clk 01:16:48]} a6 {[%clk 01:16:47]} {[%emt 00:00:05]} 4. e3 {[%clk
01:17:13]} {[%emt 00:00:05]} c5 {[%clk 01:16:54]} {[%emt 00:00:23]} 5. dxc5
{[%clk 01:17:31]} {[%emt 00:00:12]} Qa5 {[%clk 01:17:14]} {[%emt 00:00:10]} 6.
a3 {[%clk 01:17:14]} {[%emt 00:00:47]} Qxc5 {[%clk 01:17:30]} {[%emt 00:00:14]}
7. Nf3 {[%clk 01:17:12]} {[%emt 00:00:31]} Bg4 {[%clk 01:17:46]} {[%emt
00:00:14]} 8. Be2 {[%clk 01:16:31]} {[%emt 00:01:11]} Nc6 {[%clk 01:17:45]}
{[%emt 00:00:31]} 9. O-O {[%clk 01:16:16]} {[%emt 00:00:45]} e6 {[%clk
01:17:22]} {[%emt 00:00:54]} 10. h3 {[%clk 01:10:11]} {[%emt 00:06:34]} Bh5
{[%emt 00:08:02]} 11. Nd4 {[%clk 00:57:14]} {[%emt 00:05:47]} Bxe2 {[%clk
01:15:50]} {[%emt 00:02:08]} 12. Ncxe2 {[%clk 00:57:33]} {[%emt 00:00:13]} e5
{[%clk 01:15:25]} {[%emt 00:00:56]} 13. Nxc6 {[%clk 00:57:28]} {[%emt
00:00:34]} exf4 {[%clk 01:15:32]} {[%emt 00:00:22]} 14. Ncd4 {[%clk 00:57:17]}
{[%emt 00:00:43]} g5 {[%clk 01:14:13]} {[%emt 00:01:49]} 15. exf4 {[%clk
00:56:18]} {[%emt 00:01:29]} gxf4 {[%clk 01:14:23]} {[%emt 00:00:19]} 16. Nxf4
{[%clk 00:56:29]} {[%emt 00:00:19]} O-O-O {[%clk 01:14:35]} {[%emt 00:00:18]}
17. b4 {[%clk 00:54:21]} {[%emt 00:02:39]} Qc7 {[%clk 01:12:32]} {[%emt
00:02:33]} 18. Qf3 {[%clk 00:43:32]} {[%emt 00:11:18]} Bd6 {[%clk 01:11:14]}
{[%emt 00:01:49]} 19. Nfe2 {[%clk 00:40:44]} {[%emt 00:03:18]} Ne4 {[%clk
01:09:22]} {[%emt 00:02:22]} 20. b5 {[%clk 00:39:10]} {[%emt 00:02:04]} Nd2
{[%clk 01:07:21]} {[%emt 00:02:31]} 21. Qf5+ {[%clk 00:38:14]} {[%emt
00:01:25]} Kb8 {[%clk 01:07:03]} {[%emt 00:00:48]} 22. Rfd1 {[%clk 00:37:47]}
{[%emt 00:00:57]} Bh2+ {[%clk 01:07:25]} {[%emt 00:00:08]} 23. Kh1 {[%clk
00:37:56]} {[%emt 00:00:21]} Ne4 {[%clk 01:06:54]} {[%emt 00:01:02]} 24. g3
{[%clk 00:36:15]} {[%emt 00:02:11]} Bxg3 {[%clk 01:06:08]} {[%emt 00:01:15]}
25. fxg3 {[%clk 00:36:07]} {[%emt 00:00:38]} Rhg8 {[%clk 01:05:29]} {[%emt
00:01:09]} 26. Rd3 {[%clk 00:34:00]} {[%emt 00:02:37]} Rg5 {[%clk 01:04:24]}
{[%emt 00:01:36]} 27. Qf4 {[%clk 00:33:39]} {[%emt 00:00:50]} Nxg3+ {[%clk
01:03:54]} {[%emt 00:00:59]} 28. Rxg3 {[%clk 00:33:30]} {[%emt 00:00:41]} Qxf4
{[%clk 01:03:46]} {[%emt 00:00:37]} 29. Nxf4 {[%clk 00:33:50]} {[%emt
00:00:10]} Rxg3 {[%clk 01:04:09]} {[%emt 00:00:07]} 30. bxa6 {[%clk 00:34:10]}
{[%emt 00:00:10]} Re8 {[%clk 01:04:07]} {[%emt 00:00:32]} 31. axb7 {[%clk
00:33:53]} {[%emt 00:00:47]} Re4 {[%clk 01:03:27]} {[%emt 00:01:09]} 32. Nde2
{[%clk 00:32:44]} {[%emt 00:01:39]} Rge3 {[%clk 01:02:52]} {[%emt 00:01:05]}
33. Rf1 {[%clk 00:31:49]} {[%emt 00:01:25]} Rxe2 {[%clk 01:01:55]} {[%emt
00:01:27]} 34. Nxe2 {[%clk 00:32:14]} {[%emt 00:00:05]} Rxe2 {[%clk 01:02:20]}
{[%emt 00:00:06]} 35. Rxf7 {[%clk 00:32:36]} {[%emt 00:00:07]} Rxc2 {[%clk
01:02:43]} {[%emt 00:00:07]} 36. Rxh7 {[%clk 00:33:01]} {[%emt 00:00:06]} d4
{[%clk 01:00:59]} {[%emt 00:02:15]} 37. Rd7 {[%clk 00:32:55]} {[%emt 00:00:36]}
Rc3 {[%clk 01:00:50]} {[%emt 00:00:39]} 38. Kg2 {[%clk 00:28:02]} {[%emt
00:05:23]} Rxa3 {[%clk 01:00:56]} {[%emt 00:00:23]} 39. h4 {[%clk 00:27:32]}
{[%emt 00:00:59]} d3 {[%clk 01:00:45]} {[%emt 00:00:42]} 40. h5 {[%clk
00:27:45]} {[%emt 00:00:17]} Ra2+ {[%clk 01:00:58]} {[%emt 00:00:18]} 41. Kg3
{[%clk 00:28:04]} {[%emt 00:00:10]} d2 {[%clk 01:00:56]} {[%emt 00:00:32]} 42.
h6 {[%clk 00:28:26]} {[%emt 00:00:08]} Ra1 {[%clk 00:58:56]} {[%emt 00:02:31]}
43. Rxd2 {[%clk 00:28:16]} {[%emt 00:00:39]} Rg1+ {[%clk 00:57:48]} {[%emt
00:01:37]} 44. Rg2 {[%clk 00:27:31]} {[%emt 00:01:16]} Rh1 {[%clk 00:57:36]}
{[%emt 00:00:41]} 45. Rh2 {[%clk 00:27:27]} {[%emt 00:00:36]} Rg1+ {[%clk
00:57:22]} {[%emt 00:00:44]} 46. Kf4 {[%clk 00:26:05]} {[%emt 00:01:51]} Rg8
{[%clk 00:57:21]} {[%emt 00:00:31]} 47. h7 {[%clk 00:26:26]} {[%emt 00:00:09]}
Rh8 {[%clk 00:57:46]} {[%emt 00:00:05]} 48. Kg5 {[%clk 00:26:43]} {[%emt
00:00:13]} Kxb7 {[%clk 00:58:00]} {[%emt 00:00:16]} 49. Kg6 {[%clk 00:26:55]}
{[%emt 00:00:18]} 1-0

[Event "DEM U10 2023"]
[Site "Willingen GER"]
[Date "2023.06.01"]
[Round "8"]
[White "Ziem, Ole"]
[Black "Gruner, Cornelius"]
[Result "1-0"]
[Termination "normal"]
[Board "23"]
[WhiteElo "1312"]
[BlackElo "1279"]
[WhiteClock "01:03:40"]
[BlackClock "01:07:00"]
[PlyCount "73"]
[WhiteFideId "34624791"]
[BlackFideId "34616306"]
[EventCountry "GER"]
[EventRounds "11"]
[EventType "swiss"]
[EventDate "2023.05.27"]

1. e4 {[%clk 01:15:58]} {[%emt 18:33:47]} e5 {[%clk 01:15:57]} {[%emt
00:00:04]} 2. Nf3 {[%clk 01:16:22]} {[%emt 00:00:06]} Nc6 {[%clk 01:16:22]}
{[%emt 00:00:05]} 3. d4 {[%clk 01:16:44]} {[%emt 00:00:08]} exd4 {[%clk
01:15:16]} {[%emt 00:01:36]} 4. Nxd4 {[%clk 01:17:00]} {[%emt 00:00:14]} Nxd4
{[%clk 01:14:32]} {[%emt 00:01:14]} 5. Qxd4 {[%clk 01:16:59]} {[%emt 00:00:31]}
Be7 {[%clk 01:12:42]} {[%emt 00:02:21]} 6. Bc4 {[%clk 01:14:34]} {[%emt
00:02:55]} c6 {[%clk 01:09:53]} {[%emt 00:03:19]} 7. Qxg7 {[%clk 01:14:35]}
{[%emt 00:00:28]} d5 {[%clk 01:08:12]} {[%emt 00:02:12]} 8. Qxh8 {[%clk
01:13:34]} {[%emt 00:01:31]} dxc4 {[%clk 01:08:13]} {[%emt 00:00:29]} 9. Qxg8+
{[%clk 01:13:10]} {[%emt 00:00:54]} Bf8 {[%clk 01:08:24]} {[%emt 00:00:20]} 10.
Bh6 {[%clk 01:13:22]} {[%emt 00:00:17]} Qa5+ {[%clk 01:07:27]} {[%emt
00:01:27]} 11. c3 {[%clk 01:12:42]} {[%emt 00:01:11]} Qc5 {[%clk 01:07:04]}
{[%emt 00:00:52]} 12. Qxf8+ {[%clk 01:12:59]} {[%emt 00:00:13]} Qxf8 {[%clk
01:07:25]} {[%emt 00:00:09]} 13. Bxf8 {[%clk 01:13:26]} {[%emt 00:00:02]} Kxf8
{[%clk 01:07:46]} {[%emt 00:00:10]} 14. Nd2 {[%clk 01:13:36]} {[%emt 00:00:20]}
Be6 {[%clk 01:08:06]} {[%emt 00:00:10]} 15. O-O-O {[%clk 01:13:54]} {[%emt
00:00:13]} a5 {[%clk 01:08:27]} {[%emt 00:00:09]} 16. Nf3 {[%clk 01:13:45]}
{[%emt 00:00:39]} b5 {[%clk 01:08:40]} {[%emt 00:00:17]} 17. Rd6 {[%clk
01:03:40]} {[%emt 00:10:34]} c5 {[%clk 01:08:59]} {[%emt 00:00:11]} 18. Rhd1
{[%clk 01:03:44]} {[%emt 00:00:26]} Ke7 {[%clk 01:09:02]} {[%emt 00:00:27]} 19.
Rc6 {[%clk 01:03:39]} {[%emt 00:00:35]} b4 {[%clk 01:09:14]} {[%emt 00:00:18]}
20. Rxc5 {[%clk 01:02:10]} {[%emt 00:01:59]} b3 {[%clk 01:09:32]} {[%emt
00:00:11]} 21. a3 {[%clk 01:02:27]} {[%emt 00:00:14]} a4 {[%clk 01:09:14]}
{[%emt 00:00:48]} 22. Ng5 {[%clk 01:01:01]} {[%emt 00:01:56]} h5 {[%clk
01:08:55]} {[%emt 00:00:49]} 23. Nxe6 {[%clk 01:00:50]} {[%emt 00:00:41]} Kxe6
{[%clk 01:09:20]} {[%emt 00:00:06]} 24. Rxh5 {[%clk 01:01:07]} {[%emt
00:00:13]} f5 {[%clk 01:09:34]} {[%emt 00:00:15]} 25. exf5+ {[%clk 01:01:23]}
{[%emt 00:00:14]} Ke5 {[%clk 01:09:52]} {[%emt 00:00:13]} 26. Re1+ {[%clk
01:01:42]} {[%emt 00:00:11]} Kf4 {[%clk 01:09:38]} {[%emt 00:00:44]} 27. f6
{[%clk 01:01:28]} {[%emt 00:00:44]} Kg4 {[%clk 01:09:56]} {[%emt 00:00:12]} 28.
Rc5 {[%clk 01:01:47]} {[%emt 00:00:11]} Kf4 {[%clk 01:09:35]} {[%emt 00:02:28]}
29. f7 {[%clk 01:04:08]} {[%emt 00:00:07]} Rf8 {[%clk 01:09:35]} {[%emt
00:00:29]} 30. Rc7 {[%clk 01:04:21]} {[%emt 00:00:17]} Kg5 {[%emt 00:02:17]}
31. Re8 {[%clk 01:03:13]} Rxe8 {[%clk 00:00:00]} {[%emt 00:07:51]} 32. fxe8=Q
{[%clk 01:02:26]} {[%emt 00:00:19]} Kh4 {[%clk 01:06:48]} {[%emt 00:01:54]} 33.
Rxc4+ {[%clk 01:02:33]} {[%emt 00:00:23]} Kg5 {[%clk 01:06:29]} {[%emt
00:00:48]} 34. Qb5+ {[%clk 01:02:49]} {[%emt 00:00:14]} Kf6 {[%clk 01:06:42]}
{[%emt 00:00:17]} 35. Rc6+ {[%clk 01:03:16]} {[%emt 00:00:04]} Ke7 {[%clk
01:06:43]} {[%emt 00:00:27]} 36. Qb7+ {[%clk 01:03:44]} {[%emt 00:00:04]} Ke8
{[%clk 01:07:00]} {[%emt 00:00:13]} 37. Rc8# {[%clk 01:03:40]} {[%emt
00:00:04]} 1-0

[Event "DEM U10 2023"]
[Site "Willingen GER"]
[Date "2023.06.01"]
[Round "8"]
[White "Haas, Leandro"]
[Black "Wüstenberg, Benjamin"]
[Result "0-1"]
[Termination "normal"]
[Board "24"]
[WhiteElo "1337"]
[BlackElo "1343"]
[WhiteClock "01:07:06"]
[BlackClock "00:55:27"]
[PlyCount "128"]
[WhiteFideId "34632549"]
[BlackFideId "34660259"]
[EventCountry "GER"]
[EventRounds "11"]
[EventType "swiss"]
[EventDate "2023.05.27"]

1. e4 {[%clk 01:15:58]} e5 {[%clk 01:15:57]} {[%emt 00:00:04]} 2. Nf3 {[%clk
01:16:21]} {[%emt 00:00:07]} Nc6 {[%clk 01:16:23]} {[%emt 00:00:04]} 3. Bc4
{[%clk 01:16:44]} {[%emt 00:00:06]} Bc5 {[%clk 01:16:47]} {[%emt 00:00:07]} 4.
c3 {[%clk 01:17:07]} {[%emt 00:00:07]} Nf6 {[%clk 01:17:13]} {[%emt 00:00:04]}
5. b4 {[%clk 01:17:30]} {[%emt 00:00:07]} Bb6 {[%clk 01:17:39]} {[%emt
00:00:05]} 6. d3 {[%clk 01:17:53]} {[%emt 00:00:07]} d6 {[%clk 01:17:41]}
{[%emt 00:00:28]} 7. Nbd2 {[%clk 01:18:10]} {[%emt 00:00:13]} Bg4 {[%clk
01:17:58]} {[%emt 00:00:13]} 8. a4 {[%clk 01:18:27]} {[%emt 00:00:13]} a6
{[%clk 01:18:20]} {[%emt 00:00:09]} 9. a5 {[%clk 01:18:52]} {[%emt 00:00:05]}
Ba7 {[%clk 01:18:45]} {[%emt 00:00:05]} 10. Bb3 {[%clk 01:19:04]} {[%emt
00:00:19]} O-O {[%clk 01:19:03]} {[%emt 00:00:12]} 11. O-O {[%clk 01:19:24]}
{[%emt 00:00:10]} Qd7 {[%clk 01:19:04]} {[%emt 00:00:28]} 12. Nc4 {[%clk
01:19:37]} {[%emt 00:00:17]} Ne7 {[%clk 01:08:43]} {[%emt 00:10:51]} 13. Be3
{[%clk 01:19:56]} {[%emt 00:00:11]} Ng6 {[%clk 01:08:48]} {[%emt 00:00:25]} 14.
Bxa7 {[%clk 01:20:15]} {[%emt 00:00:11]} Rxa7 {[%clk 01:09:11]} {[%emt
00:00:08]} 15. Ne3 {[%clk 01:20:38]} {[%emt 00:00:06]} Bh5 {[%clk 01:05:45]}
{[%emt 00:03:57]} 16. Nf5 {[%clk 01:20:56]} {[%emt 00:00:11]} d5 {[%clk
01:01:34]} {[%emt 00:04:41]} 17. Ng3 {[%clk 01:19:56]} {[%emt 00:01:30]} Bg4
{[%clk 01:01:49]} {[%emt 00:00:16]} 18. exd5 {[%clk 01:19:56]} {[%emt
00:00:30]} Nxd5 {[%clk 01:01:05]} {[%emt 00:01:14]} 19. Bxd5 {[%clk 01:20:17]}
{[%emt 00:00:08]} Qxd5 {[%clk 01:00:55]} {[%emt 00:00:40]} 20. h3 {[%clk
01:20:34]} {[%emt 00:00:13]} Bxf3 {[%clk 01:00:41]} {[%emt 00:00:44]} 21. Qxf3
{[%clk 01:20:52]} {[%emt 00:00:09]} Qxf3 {[%clk 01:01:03]} {[%emt 00:00:11]}
22. gxf3 {[%clk 01:21:16]} {[%emt 00:00:05]} Nf4 {[%clk 01:01:21]} {[%emt
00:00:12]} 23. Kh2 {[%clk 01:19:44]} {[%emt 00:02:03]} Nxd3 {[%clk 01:01:36]}
{[%emt 00:00:15]} 24. Rad1 {[%clk 01:19:56]} {[%emt 00:00:18]} Nf4 {[%emt
00:00:49]} 25. Rd7 {[%clk 01:20:10]} {[%emt 00:00:01]} c6 {[%clk 01:01:27]}
{[%emt 00:00:35]} 26. Rfd1 {[%clk 01:19:36]} {[%emt 00:01:03]} Nd5 {[%clk
01:01:14]} {[%emt 00:00:44]} 27. Rd3 {[%clk 01:19:13]} {[%emt 00:00:53]} g6
{[%clk 01:01:18]} {[%emt 00:00:25]} 28. c4 {[%clk 01:15:03]} {[%emt 00:04:41]}
Nf4 {[%clk 00:57:26]} {[%emt 00:04:21]} 29. Re3 {[%clk 01:15:05]} {[%emt
00:00:28]} f6 {[%clk 00:56:41]} {[%emt 00:01:15]} 30. Ne4 {[%clk 01:15:21]}
{[%emt 00:00:14]} Rf7 {[%clk 00:56:36]} {[%emt 00:00:36]} 31. Rd8+ {[%clk
01:15:42]} {[%emt 00:00:09]} Rf8 {[%clk 00:56:17]} {[%emt 00:00:48]} 32. Rd7
{[%clk 01:15:57]} {[%emt 00:00:09]} Ne6 {[%clk 00:52:41]} {[%emt 00:04:13]} 33.
Nd6 {[%clk 01:09:40]} {[%emt 00:06:47]} h5 {[%clk 00:47:48]} {[%emt 00:05:23]}
34. Rxb7 {[%clk 01:05:51]} {[%emt 00:04:19]} Rxb7 {[%clk 00:48:11]} {[%emt
00:00:07]} 35. Nxb7 {[%clk 01:06:16]} {[%emt 00:00:05]} Rb8 {[%clk 00:48:30]}
{[%emt 00:00:12]} 36. Nc5 {[%clk 01:06:27]} {[%emt 00:00:19]} Nxc5 {[%clk
00:48:51]} {[%emt 00:00:09]} 37. bxc5 {[%clk 01:06:52]} {[%emt 00:00:05]} Rb4
{[%clk 00:49:12]} {[%emt 00:00:09]} 38. Rd3 {[%clk 01:06:50]} {[%emt 00:00:31]}
Rxc4 {[%clk 00:49:17]} {[%emt 00:00:26]} 39. Rd8+ {[%clk 01:06:22]} {[%emt
00:00:58]} Kf7 {[%clk 00:49:39]} {[%emt 00:00:08]} 40. Ra8 {[%clk 01:06:45]}
{[%emt 00:00:07]} Rxc5 {[%clk 00:49:58]} {[%emt 00:00:12]} 41. Rxa6 {[%clk
01:07:07]} {[%emt 00:00:07]} Rc2 {[%clk 00:50:17]} {[%emt 00:00:11]} 42. Kg3
{[%clk 01:07:01]} {[%emt 00:00:36]} c5 {[%clk 00:50:37]} {[%emt 00:00:10]} 43.
Rc6 {[%clk 01:06:52]} {[%emt 00:00:39]} c4 {[%clk 00:50:57]} {[%emt 00:00:09]}
44. a6 {[%clk 01:07:17]} {[%emt 00:00:05]} Ra2 {[%clk 00:51:23]} {[%emt
00:00:04]} 45. Rxc4 {[%clk 01:07:00]} {[%emt 00:00:48]} Rxa6 {[%clk 00:51:48]}
{[%emt 00:00:05]} 46. f4 {[%clk 01:06:50]} {[%emt 00:00:39]} exf4+ {[%clk
00:51:47]} {[%emt 00:00:32]} 47. Rxf4 {[%clk 01:07:09]} {[%emt 00:00:11]} Ra3+
{[%clk 00:52:09]} {[%emt 00:00:09]} 48. f3 {[%clk 01:07:32]} {[%emt 00:00:06]}
g5 {[%clk 00:52:25]} {[%emt 00:00:14]} 49. Rb4 {[%clk 01:07:53]} {[%emt
00:00:09]} Kg6 {[%clk 00:52:26]} {[%emt 00:00:29]} 50. Rb6 {[%clk 01:07:39]}
{[%emt 00:00:44]} h4+ {[%clk 00:52:23]} {[%emt 00:00:34]} 51. Kg2 {[%clk
01:08:03]} {[%emt 00:00:05]} Ra5 {[%clk 00:52:36]} {[%emt 00:00:18]} 52. Rc6
{[%clk 01:07:24]} {[%emt 00:01:09]} Kf5 {[%clk 00:52:43]} {[%emt 00:00:23]} 53.
Rc4 {[%clk 01:07:40]} {[%emt 00:00:13]} Ra2+ {[%clk 00:52:34]} {[%emt
00:00:40]} 54. Kg1 {[%clk 01:07:51]} {[%emt 00:00:18]} Kg6 {[%clk 00:52:13]}
{[%emt 00:00:51]} 55. Rd4 {[%clk 01:07:14]} {[%emt 00:01:07]} Ra6 {[%clk
00:52:26]} {[%emt 00:00:17]} 56. Kg2 {[%clk 01:07:00]} {[%emt 00:00:44]} f5
{[%clk 00:52:45]} {[%emt 00:00:10]} 57. Rc4 {[%clk 01:07:15]} {[%emt 00:00:15]}
Kf6 {[%clk 00:52:58]} {[%emt 00:00:17]} 58. Rb4 {[%clk 01:07:16]} {[%emt
00:00:30]} Ra5 {[%clk 00:53:07]} {[%emt 00:00:22]} 59. Kf2 {[%clk 01:07:01]}
{[%emt 00:00:44]} Ke5 {[%clk 00:53:31]} {[%emt 00:00:07]} 60. Kg2 {[%clk
01:07:08]} {[%emt 00:00:23]} Rd5 {[%clk 00:53:55]} {[%emt 00:00:06]} 61. Ra4
{[%clk 01:06:28]} {[%emt 00:03:20]} Rd4 {[%clk 00:54:19]} {[%emt 00:00:05]} 62.
Ra3 {[%clk 01:06:37]} {[%emt 00:00:22]} Kf4 {[%clk 00:54:40]} {[%emt 00:00:08]}
63. Rb3 {[%clk 01:06:43]} {[%emt 00:00:24]} Rd2+ {[%clk 00:55:02]} {[%emt
00:00:08]} 64. Kg1 {[%clk 01:07:06]} {[%emt 00:00:06]} Kg3 {[%clk 00:55:27]}
{[%emt 00:00:05]} 0-1